000 00603nam a2200229Ia 4500
003 OSt
005 20220918191024.0
006 a|||||r|||| 00| 0
007 ta
008 220917b |||||||| |||| 00| 0 eng d
024 _a61,039
037 _cTextual
040 _aARTS
_cARTS
_beng
041 _2eng
_aeng
082 _aQ62:353, K0
100 _aLenz John M
_974598
245 0 _aChrist in Dachau or christ victorious
_b experiences in a concentration camp
260 _c1960
650 _aRELIGION
942 _hQ62:353, K0
_cTEXL
_2CC
999 _c187909
_d187909